MARC

LEADER 00000nab a2200000 a 4500
001 vtls000119338
003 SK-MaSNL
005 20260426065912.0
008 131029c1982 xo 0 slo
015 |a SNBRB19rr/mm-uuuuu 
035 |a CL0129443 
040 |a SNKBUCL  |b slo  |c SNKBUCL  |e AACR2 
041 0 |a slo 
044 |a xo  |c SK 
080 |a 82:061.3:885.4  |2 1981 
080 |a 061.3  |2 1981 
080 |a 885.4  |2 1981 
080 |a 82.09  |2 1981 
245 0 0 |a Aktív o umeleckej kritike 
500 |a V rubrike Zo života ZSS 
648 7 |a 3. február 1982  |2 snkbucl  |9 1313932 
650 0 7 |a literárna kritika  |2 snkbucl  |9 1138 
650 0 7 |a porady  |2 snkbucl  |9 881634 
651 7 |a Bratislava (Slovensko)  |2 snkbucl  |9 14568 
655 7 |a články z novín a časopisov  |2 snkbucl  |9 267496 
655 7 |a články z odboru literárna veda a krásna literatúra  |2 snkbucl  |9 770045 
655 7 |a správy  |2 snkbucl  |9 70563 
773 0 |t Slovenské pohľady  |g Roč. 98, č. 5 (1982), s. 156 
850 |a Slovenská národná knižnica v Martine  |a MTA001 
852 |a SNK  |b KIS3GCP 
954 |a odborná, vedecká literatúra pôvodná (slovenská)  |2 lita 
958 |a RK 
958 |a LX 
992 |a RBX 
999 |c 2644921  |d 2646851